| 000 | 00545nam a22001337a 4500 | ||
|---|---|---|---|
| 040 | _cRUA | ||
| 082 | _aAGE UON 2015 B515 Or. | ||
| 100 | _aUONH SARATH; អ៊ួញ សារត័ | ||
| 245 | _aStudy on process of amru rice processing factory; សិក្សាពីខ្សែចង្វាក់ផលិតកម្ម ក្នុងរោងចក្រកែច្នៃអង្ករ អេមរុ រាយស៍ | ||
| 260 |
_aRUA _bPhnom Penh _c2015 |
||
| 300 |
_axiv; 61p. _bill. _c29cm. |
||
| 856 | _u UONH SARATH | ||
| 942 | _cAGE | ||
| 999 |
_c9383 _d9383 |
||